000 00607cam a22002291a 4500
001 4103
003 BD-RjUL
005 20211208233831.0
008 851211s1958 enk 0 eng d
035 _a(BD-RjUL)4137
035 _a(BD-RjUL)
040 _aNUN
_beng
_cNUN
041 _aeng
082 0 4 _a332.41
_216
_bMEC 1958
100 1 _aMeade, J. E.
_q(James Edward),
_d1907-1995.
_96416
245 1 4 _aThe control of inflation /
_cJ. E. Meade,
260 _aCamb. :
_bCamb. U.P.,
_c1958.
300 _a52 p. ;
_c18 cm.
526 _bSociology
650 0 _aInflation (Finance)
_913030
942 _2ddc
_cBK
999 _c4103
_d4103